000 00603nam a2200229Ia 4500
003 OSt
005 20220928101707.0
006 a|||||r|||| 00| 0
007 ta
008 220927b |||||||| |||| 00| 0 eng d
024 _a61672
037 _cTextual
040 _aSDCL
_cSDCL
_beng
041 _2eng
_aeng
082 _aO152,1I00:g, M4
100 _aVirendra Mohan
_9393793
245 0 _aKabir aur Jaysi manavmulya
260 _aDelhi
_bKonark Prakashan
_c1984
300 _a112p
_ccm.
942 _hO152,1I00:g, M4
_cTEXL
_2CC
999 _c709369
_d709369